| 000 | 01111 a2200265 4500 | ||
|---|---|---|---|
| 003 | Nust | ||
| 005 | 20221018144303.0 | ||
| 010 | _a 78019625 | ||
| 020 | _a0891582940 | ||
| 040 | _cNust | ||
| 082 | 0 | 0 | _a620,MAC |
| 245 | 0 | 0 |
_aMacro-engineering and the infrastructure of tomorrow / _cedited by Frank P. Davidson, L. J. Giacoletto, and Robert Salkeld. |
| 260 |
_aBoulder, Colo. : _bPublished by Westview Press for the American Association for the Advancement of Science, _c1978. |
||
| 300 |
_axviii, 280 p. : _bill. ; _c24 cm. |
||
| 490 | 1 | _aAAAS selected symposium ; 23 | |
| 505 | _aAssessing Costs and / Or Benefits of all Kinds (Page-1), Cases for the Future (Page-89), Public Policy issues (Page-219). | ||
| 650 | 0 |
_aEngineering _xCongresses. _940474 |
|
| 650 | 0 |
_aTechnological forecasting _xCongresses. _940475 |
|
| 650 | 0 |
_aTwentieth century _xForecasts _xCongresses. _940476 |
|
| 700 | 1 |
_aDavidson, Frank Paul, 1918- _940477 |
|
| 700 | 1 |
_aGiacoletto, Lawrence Joseph, _d1916- _9100641 |
|
| 700 | 1 |
_aSalkeld, Robert, _d1932- _9100642 |
|
| 830 | 0 |
_aAAAS selected symposium ; _9100643 |
|
| 942 |
_2ddc _cBK |
||
| 999 |
_c182328 _d182328 |
||